| 000 | 00428pab a2200157 454500 | ||
|---|---|---|---|
| 008 | 180718b1987 xxu||||| |||| 00| 0 eng d | ||
| 100 | _aDale, Virginia H. | ||
| 245 | _aAssessing regional impacts of growth declines using a forest succession model | ||
| 260 | _c1987 | ||
| 300 | _a83-93 | ||
| 362 | _aJan. | ||
| 650 | _aForests | ||
| 700 | _aRobert H. Gardner | ||
| 773 | _aJournal of Environmental Management | ||
| 909 | _a8851 | ||
| 999 |
_c8851 _d8851 |
||